Pacific Island Hopping Quiz Stats

 Plays Quiz Updated Dec 20, 2013

Support Sporcle.
Go Orange.
Score 0/25 Timer 06:00
0 Plays Today
% Correct
Tahiti
88.4%
Nauru
85.9%
Guam
85.9%
Oahu
85.2%
Easter Island
84.3%
Bora Bora
84.2%
Iwo Jima
82.7%
Bikini
77.7%
Funafuti
74.7%
Darwin Island
72.8%
New Caledonia
72.6%
Tongatapu
72.5%
Molokai
72.4%
% Correct
Saipan
71.5%
Niue
68%
Savai'i
66.4%
Vancouver Island
65.5%
Guadalcanal
63.6%
Futuna
57.3%
Norfolk Island
52.4%
Chatham Island
50.6%
Rotuma
50.5%
Wallis
49.4%
Sakhalin
48.6%
Efate
38.5%

You're not logged in!

Compare scores with friends on all Sporcle quizzes.
OR
Log In
Forgot?

From the Vault

Remove Ads.
Support Sporcle.
Get the best of Sporcle when you Go Orange. This ad-free experience offers more features, more stats, and more fun while also helping to support Sporcle. Thank you for becoming a member.

Show Comments

Extras

Top Quizzes Today


Score Distribution

Your Account Isn't Verified!

In order to create a playlist on Sporcle, you need to verify the email address you used during registration. Go to your Sporcle Settings to finish the process.

Report this User

Report this user for behavior that violates our Community Guidelines.

Details: